Quizzes
Events
Quiz Creation
Community
Videos
Private Events
Remove Ads
Sign In
Join for FREE
Feedback
Dark Mode
Quiz Categories
Sports
Geography
Music
Movies
Television
Just For Fun
Miscellaneous
History
Literature
Language
Science
Gaming
Entertainment
Religion
Holiday
For Kids
Quiz Lab
Recent
Popular Today
Quiz Kudos Today
Editor Picks
Curator Picks
Quizzes by...
Day
Popularity
Type
Ratings
Length
Year
Community
Subscriptions
Recent Discussions
Orange Saloon
Badges
Playlists
Quests
Create
Leaderboards
Showdown
Live 5
Trivia Bingo
Activity
Puzzle Library
Sporcle Events
Private Events
Virtual Trivia
Globe League
Become a Host
Pub Owners
SporcleCon
Opinionation
Our Games
Videos
Blog
Mobile Apps
Partnerships
Remove Ads and Go Orange
Feedback
Music
Pop Music
The Beatles
Song
Album
Lyrics
Bands
Singers
Artist
Clip
Rock
Rap
Classical
Billboard
Country Music
Kpop
Taylor Swift
Music
Pop Music
The Beatles
Song
Album
Lyrics
Bands
Singers
Artist
Clip
Rock
Rap
Classical
Billboard
Country Music
Kpop
Taylor Swift
Random Quiz
Search Sporcle
×
Curator Pick
Curator Pick
Music
Bands
Select answers by clicking on text or image buttons
Select answers by clicking on text or image buttons
Clickable
Best Score? Go Orange.
5 Star Albums (Modern Rock) Stats
Can you pick the 5 albums by each of the modern rock bands?
By
cronaldo
7m
50 Questions
656 Plays
656 Plays
656 Plays
Comments
Comments
Give Quiz Kudos
Give Quiz Kudos
-
- Ratings
hide this ad
Forced Order
Answers have to be entered in order
Answers have to be entered in order
Replay
Link that replays current quiz
Next Quiz
Link to next quiz in quiz playlist
You Got
0%
They Got
Avg Score
61%
Avg Friend Score
Upgrade to see
Score Distribution
Jump to the score distribution portion of the page
Score
0/50
Timer
07:00
0
Plays Today
% Correct
Viva la Vida or Death and All His Friends
90.9%
X & Y
86.4%
Icky Thump
84.1%
Elephant
83.8%
Kid A
83.4%
A Rush of Blood to the Head
82%
Parachutes
81.9%
White Blood Cells
79.9%
Hybrid Theory
79.6%
Mylo Xyloto
78.8%
In Rainbows
75.6%
Is This It
74.1%
Whatever People Say I Am, That’s What I'm Not
72.7%
Amnesiac
72%
El Camino
71.2%
Get Behind Me Satan
70.3%
Songs for the Deaf
68.9%
Hail to the Thief
68.4%
Meteora
66.8%
AM
63%
Echoes, Silence, Patience & Grace
62.8%
Brothers
61.9%
Favourite Worst Nightmare
60.5%
In Your Honor
60.1%
De Stijl
59.8%
% Correct
The King of Limbs
59.5%
Wasting Light
59.3%
Era Vulgaris
57%
One by One
55.6%
There is Nothing Left to Lose
55.5%
Aha Shake Heartbreak
55.5%
Suck it and See
55.2%
Room on Fire
54.9%
Lullabies to Paralyze
54.6%
Only by the Night
54.4%
Rated R
53.7%
Minutes to Midnight
52.4%
First Impressions of Earth
51.1%
Attack & Release
50.3%
Come Around Sundown
49.4%
Humbug
48.6%
A Thousand Suns
48.3%
Because of the Times
47.3%
Youth and Young Manhood
44.8%
Like Clockwork
43.4%
Angles
43.1%
Rubber Factory
40.7%
Thickfreakness
40.2%
Comedown Machine
35.8%
Living Things
29%
Quiz Playlist
Details
Report
Send in Message
Add To Playlist
Clickable:
Select answers by clicking on text or image buttons
Forced Order:
Answers have to be entered in order
Last Updated: Feb 16, 2017
Curator Pick in
Bands
Quiz Scoreboard
CHALLENGE
Sign Up to Join the Scoreboard
Show All
Scores
Hide
Comments
May contain spoilers
Recently Published
College Basketball Coaching Resumes
by pancakes188
Sports
9m
Billboard Blitz: Fleetwood Mac
by CooCooCachoo
Music
15s
Presidents Visiting Landmarks
by Hejman
History
7m
More to Explore
Quiz From the Vault
Featured Blog Post
Where Did the Easter Bunny Come From?
hide this ad
You Might Also Like...
Tags
Bands Quiz
5-star
Modern Bands
Rock Band
Studio Albums
Today's Top Quizzes in Music
Browse Music
hide this ad
Today's Top Quizzes in Bands
Browse Bands
Top Contributed Quizzes in Music
1
Taylor Swift All Songs (2024)
2
7-to-1: Billboard Hot 100 #1 Hits of 2010s
3
Guess the Artist- 70s Songs
4
Sorting Albums and Songs
5
Taylor Swift Logic Puzzle
6
KPOP LOGIC QUIZ
7
Guess the Taylor Swift song (Mystery Song)
8
2010s Album by Cover III
9
One Thing in Common: Music
10
Guess The Taylor Swift Lyrics Song #1
Explore More
Trending Topics
Disney
Harry Potter
Anime
Crossword
Marvel
Kpop
NBA
NFL
Puzzle
Song
Country
Pokémon
Soccer
The Office
WWE
hide this ad
More By:
cronaldo
Quiz
Plays
Rating
Category
Featured
Created
Rock Bands of the 90s by Song
5,513
4.19
Music
Sep 13, 2014
5 Star Albums (90's Alternative)
1,791
4.00
Music
Sep 22, 2014
Rock Bands from 2000s
1,089
4.75
Music
Sep 19, 2014
5 Star Albums (Modern Rock)
656
4.44
Music
Sep 20, 2014
One Direction or Butthole Surfers?
420
5.00
Music
Sep 22, 2014
Go to Creator's Profile
Score Distribution
Quiz Creator Spotlight
cronaldo
Follow
Send a Message
Quizzes Created
-
Created Quiz Play Count
-
More By This Creator
Popular Quizzes Today
1
Find the US States - No Outlines Minefield
2
Find the Countries of Europe - No Outlines Minefield
3
The Countries of the World
4
Find the US States
5
Risky Map Clicking: Biggest States A-Z
6
US States
7
Popular People in 1961
8
Movies - When Are They Set?
More Music Quizzes
Who are these Taylor Swift songs about?
Quiz Lab
Trending Quizzes
Risky Map Clicking: Least Populous States A-Z
1-10 Letter G Words
1-10 Letter F Words
Risky Map Clicking: Next State Alphabetically
Risky Map Clicking: Biggest States A-Z
Recently Updated
Leaping Animals
pecheneg
Reality TV Shows (A-Z)
bhenderson79
Rickey Henderson's Hall of Fame Teammates
pecheneg
Champions League XIs: Arsenal
pecheneg
Quick Pick: Celebrities in WWE's Hall of Fame
aduchscher
A-Z Keypad Blitz II
pecheneg
Multiple Oscar Actors
pecheneg
Mystery Phrase Blitz: Oscar 'Best Actors'
pecheneg
F. Scott Fitzgerald Novels
LTH
Pick 3 Villains
ddd62291
Trending Topics
Marvel
Anime
Crossword
Disney
Kpop
Harry Potter
NBA
Country
Pokémon
The Office
Soccer
Song
WWE
NFL
Puzzle
Your Account Isn't Verified!
In order to create a playlist on Sporcle, you need to verify the email address you used during registration. Go to your
Sporcle Settings
to finish the process.
Report this User
Report this user for behavior that violates our
Community Guidelines
.
Details:
Send Report
Go to the Sporcle.com Mobile Site →
Comments